Vollbeschäftigung: Theorie, Empirie und Policy-Programme (Record no. 9127)
[ view plain ]
| 000 -LEADER | |
|---|---|
| fixed length control field | 03525nam a22003977u 4500 |
| 001 - CONTROL NUMBER | |
| control field | pwiiw7064 |
| 003 - CONTROL NUMBER IDENTIFIER | |
| control field | OSt |
| 005 - DATE AND TIME OF LATEST TRANSACTION | |
| control field | 20260516120049.0 |
| 008 - FIXED-LENGTH DATA ELEMENTS--GENERAL INFORMATION | |
| fixed length control field | 241031t2024 au ||||| |||||||| ||ger d |
| 040 ## - CATALOGING SOURCE | |
| Transcribing agency | OSt |
| 041 ## - LANGUAGE CODE | |
| Language code of text/sound track or separate title | ger |
| 084 ## - OTHER CLASSIFICATION NUMBER | |
| Classification number | B22 |
| -- | E24 |
| -- | E61 |
| Number source | jelc |
| 100 1# - MAIN ENTRY--PERSONAL NAME | |
| Personal name | Arsenev, Aleksandr |
| 245 10 - TITLE STATEMENT | |
| Title | Vollbeschäftigung: Theorie, Empirie und Policy-Programme |
| 260 ## - PUBLICATION, DISTRIBUTION, ETC. | |
| Place of publication, distribution, etc. | Wien : |
| Name of publisher, distributor, etc. | Wiener Institut für Internationale Wirtschaftsvergleiche (wiiw), |
| Date of publication, distribution, etc. | 2024. |
| 300 ## - PHYSICAL DESCRIPTION | |
| Extent | 46 S., |
| Other physical details | 2 Tables and 7 Figures, |
| Dimensions | 30cm. |
| 490 1# - SERIES STATEMENT | |
| Series statement | wiiw Research Reports in German Language |
| Volume/sequential designation | 28 |
| 520 ## - SUMMARY, ETC. | |
| Summary, etc. | Vollbeschäftigung: Theorie, Empirie und Policy-Programme<br/><br/>This publication is available in German language only.<br/><br/>For a brief English summary see further below.<br/><br/>Das Konzept der Vollbeschäftigung ist mit verschiedenen wirtschaftlichen, politischen und sozialen Aspekten verknüpft. Wir geben einen Überblick über Theorie, Empirie und Policy-Fragen im Zusammenhang mit Vollbeschäftigung. Wir leisten einen neuen Beitrag, indem wir mehrdimensionale Aspekte der Vollbeschäftigung in Bezug auf Definitionen, theoretische Perspektiven, Messungen, politische Debatten und Policy-Programme zusammenführen. Wir unterscheiden zwischen Konzepten der Vollbeschäftigung, die eine systematische Verbindung zu Preisstabilität herstellen, Ansätzen minimaler Arbeitslosigkeit und maximaler Beschäftigung sowie dem Fokus auf unbesetzte offene Stellen. Zudem diskutieren wir verschiedene Messungen von Vollbeschäftigung für ausgewählte Volkswirtschaften und schlagen eine neue Vollbeschäftigungstypologie vor. Auf der Grundlage unserer Ergebnisse argumentieren wir, dass die Konzeptionalisierung und Messung von Vollbeschäftigung nicht nur technische Aufgaben sind, sondern unweigerlich normative Positionen beinhalten. Abschließend erörtern wir Optionen für zukünftige Forschung.<br/><br/>Full employment: Theory, empirics and policy programmes<br/><br/>The concept of full employment is associated with diverse economic, political and social aspects. We provide a survey of theory, empirics and policy issues related to full employment. We make a novel contribution by tying together multi-dimensional aspects of full employment regarding definitions, theoretical perspectives, empirical measurements, policy debates and real-world policy programs. We distinguish: concepts of full employment that provide systematic links to price stability; minimum unemployment and maximum employment approaches; and the unfilled vacancies perspective. Furthermore, we provide and discuss different empirical measures of full employment for selected economies, and we propose a new full employment typology. Based on our survey findings, we argue that conceptualising and measuring full employment is not merely a technical task, but inevitably involves normative judgments. Finally, we discuss avenues for future research.<br/> |
| 650 ## - SUBJECT ADDED ENTRY--TOPICAL TERM | |
| Topical term or geographic name entry element | Vollbeschäftigung |
| 650 ## - SUBJECT ADDED ENTRY--TOPICAL TERM | |
| Topical term or geographic name entry element | NAIRU |
| 650 ## - SUBJECT ADDED ENTRY--TOPICAL TERM | |
| Topical term or geographic name entry element | Beveridge-Kurve |
| 650 ## - SUBJECT ADDED ENTRY--TOPICAL TERM | |
| Topical term or geographic name entry element | Beschäftigung |
| 650 ## - SUBJECT ADDED ENTRY--TOPICAL TERM | |
| Topical term or geographic name entry element | Wohlfahrtsstaaten |
| 650 ## - SUBJECT ADDED ENTRY--TOPICAL TERM | |
| Topical term or geographic name entry element | Beschäftigungsprogramme |
| 651 ## - SUBJECT ADDED ENTRY--GEOGRAPHIC NAME | |
| Geographic name | European Union |
| 651 ## - SUBJECT ADDED ENTRY--GEOGRAPHIC NAME | |
| Geographic name | New EU Member States |
| 651 ## - SUBJECT ADDED ENTRY--GEOGRAPHIC NAME | |
| Geographic name | OECD |
| 690 ## - LOCAL SUBJECT ADDED ENTRY--TOPICAL TERM (OCLC, RLIN) | |
| Topical term or geographic name as entry element | Macroeconomic Analysis and Policy |
| 690 ## - LOCAL SUBJECT ADDED ENTRY--TOPICAL TERM (OCLC, RLIN) | |
| Topical term or geographic name as entry element | Labour, Migration and Income Distribution |
| 700 1# - ADDED ENTRY--PERSONAL NAME | |
| Personal name | Gökten, Meryem |
| 700 1# - ADDED ENTRY--PERSONAL NAME | |
| Personal name | Heimberger, Philipp |
| 700 1# - ADDED ENTRY--PERSONAL NAME | |
| Personal name | Lichtenberger, Andreas |
| 830 #0 - SERIES ADDED ENTRY--UNIFORM TITLE | |
| Volume/sequential designation | 28 |
| Bibliographic record control number | WIIW0000108 |
| Title of a work | wiiw Research Reports in German Language |
| 856 40 - ELECTRONIC LOCATION AND ACCESS | |
| Uniform Resource Identifier | <a href="https://wiiw.ac.at/p-7064.html">https://wiiw.ac.at/p-7064.html</a> |
| 942 ## - ADDED ENTRY ELEMENTS (KOHA) | |
| Koha item type | Paper |
| Withdrawn status | Lost status | Damaged status | Not for loan | Home library | Current library | Shelving location | Date acquired | Inventory number | Total Checkouts | Barcode | Date last seen | Price effective from | Koha item type |
|---|---|---|---|---|---|---|---|---|---|---|---|---|---|
| WIIW | WIIW | Library | 10/31/2024 | pwiiw7064 | 1000010007064 | 10/31/2024 | 04/07/2025 | Paper |
